Colloque sur les questions de réalité en géométrie : tenu à Liège du 23 au 26 mai 1955 /

Guardado en:
Autor Corporativo: Centre Belge de Recherches Mathématiques.
Formato: Libro
Idioma:French
Publicado: Liège : Georges Thone, 1956.
Etiquetas: Agregar Etiqueta
Sin Etiquetas, Sea el primero en etiquetar este registro!
LEADER 00535nam a22001335a 4500
001 MAT.inmabb001532
008 031124s1956####be############100#0#fre#d
005 20170818171739.0
245 0 0 |a Colloque sur les questions de réalité en géométrie :  |b tenu à Liège du 23 au 26 mai 1955 /  |c CBRM, Centre Belge de Recherches Mathématiques. 
260 |a Liège :  |b Georges Thone,  |c 1956. 
300 |a 190 p. ;  |c 24 cm. 
710 2 |a Centre Belge de Recherches Mathématiques. 
084 |a 00B25  |a 51-XX  |2 msc2000 
859 |h 00B25  |i C714-1955  |p A-1903  |b BIB. MATEMATICA